Machine Design (Machine Design and Drawing) (Record no. 10566)

MARC details
000 -LEADER
fixed length control field 00445nam a22001937a 4500
003 - CONTROL NUMBER IDENTIFIER
control field OSt
008 - FIXED-LENGTH DATA ELEMENTS--GENERAL INFORMATION
fixed length control field 210318b ||||| |||| 00| 0 eng d
020 ## - INTERNATIONAL STANDARD BOOK NUMBER
International Standard Book Number 9789351921783
082 ## - DEWEY DECIMAL CLASSIFICATION NUMBER
Classification number 621.815
Item number GUM
100 ## - MAIN ENTRY--PERSONAL NAME
Personal name GUPTA, AR
245 ## - TITLE STATEMENT
Title Machine Design (Machine Design and Drawing)
250 ## - EDITION STATEMENT
Edition statement 3rd
260 ## - PUBLICATION, DISTRIBUTION, ETC. (IMPRINT)
Place of publication, distribution, etc New Delhi
Name of publisher, distributor, etc Satya
Date of publication, distribution, etc 2019
300 ## - PHYSICAL DESCRIPTION
Extent MISC
650 ## - SUBJECT ADDED ENTRY--TOPICAL TERM
Topical term or geographic name as entry element ME
700 ## - ADDED ENTRY--PERSONAL NAME
Personal name GUPTA,BK
700 ## - ADDED ENTRY--PERSONAL NAME
Personal name GOEL,Akshay
942 ## - ADDED ENTRY ELEMENTS (KOHA)
Source of classification or shelving scheme Dewey Decimal Classification
Koha item type Text Books
Holdings
Withdrawn status Lost status Source of classification or shelving scheme Damaged status Not for loan Collection code Home library Current library Date acquired Source of acquisition Bill Number Total Checkouts Full call number Acc. no. / Barcode Date last seen Bill Date Koha item type Public note
    Dewey Decimal Classification     B.Tech(ME) PIET C-LIBRARY PIET C-LIBRARY 18/03/2021 Donated by Management Donated by Management   621.815 GUM 32651 18/03/2021 18/03/2021 Text Books Donated by Management

Design & Developed by: PIET Central Library
R70 Miles Stone Pattikalyana Samalkha Panipat 132102
mail ID :- [email protected], Phone No:- 0180-2569700 Ex.216